Nghiên cứu tính khả vi cấp hai của hàm giá trị tối ưu và hàm nghiệm hữu hiệu của bài toán tối ưu hóa có tham số : Báo cáo tổng kết đề tài Khoa học và Công nghệ cấp trường

Nghiên cứu ứng dụng đạo hàm radial-tiệm cận cấp hai như một điều kiện chuẩn hóa ràng buộc để khảo sát tính khả vi cấp hai của hàm giá trị tối ưu và hàm nghiệm hữu hiệu của bài toán tối ưu hóa có tham số....

Description complète

Enregistré dans:
Détails bibliographiques
Auteur principal: Lê, Thanh Tùng
Format: Livre
Langue:Undetermined
Publié: Cần Thơ Trường Đại học Cần Thơ 2017
Sujets:
Tags: Ajouter un tag
Pas de tags, Soyez le premier à ajouter un tag!
Thư viện lưu trữ: Trung tâm Học liệu Trường Đại học Cần Thơ
LEADER 01189nam a2200217Ia 4500
001 CTU_230156
008 210402s9999 xx 000 0 und d
082 |a 515 
082 |b T513 
088 |a T2017-13 
100 |a Lê, Thanh Tùng 
245 0 |a Nghiên cứu tính khả vi cấp hai của hàm giá trị tối ưu và hàm nghiệm hữu hiệu của bài toán tối ưu hóa có tham số : 
245 0 |b Báo cáo tổng kết đề tài Khoa học và Công nghệ cấp trường 
245 0 |c Lê Thanh Tùng (Chủ nhiệm đề tài) 
260 |a Cần Thơ 
260 |b Trường Đại học Cần Thơ 
260 |c 2017 
520 |a Nghiên cứu ứng dụng đạo hàm radial-tiệm cận cấp hai như một điều kiện chuẩn hóa ràng buộc để khảo sát tính khả vi cấp hai của hàm giá trị tối ưu và hàm nghiệm hữu hiệu của bài toán tối ưu hóa có tham số. 
650 |a Toán giải tích,Mathematical analysis 
910 |b nthai 
980 |a Trung tâm Học liệu Trường Đại học Cần Thơ